| 000 | 00432nam a22001575i 4500 | ||
|---|---|---|---|
| 001 | 54513 | ||
| 003 | ES-MaACL | ||
| 007 | t| | ||
| 008 | 960726s1832 sp ||||1| spa d | ||
| 040 |
_aCAM _bspa _cCAM |
||
| 100 | 1 |
_aFoz, Braulio. _952044 |
|
| 245 | 1 | 3 |
_aEl verdadero derecho natural / _cpor Braulio Foz. |
| 260 |
_aValencia : _b[s.n.], _c1832 ( _fimprenta de Gimeno) |
||
| 300 |
_a2 v. ; _c15 cm. |
||
| 852 |
_aES-MaACL _jG-10986-7 |
||
| 999 |
_c54513 _d54513 |
||